| 000 | 00598nam a2200205Ia 4500 | ||
|---|---|---|---|
| 003 | OSt | ||
| 005 | 20230506105844.0 | ||
| 008 | 210423s2007 xx 000 0 und d | ||
| 020 | _a8131508528 | ||
| 040 | _cAL | ||
| 041 | _aeng | ||
| 082 | _a574.88 PANJ | ||
| 100 |
_aPANNO (Joseph). _999266 |
||
| 245 | _aAdvanced Genetics: Cell evalution of the first organisation | ||
| 260 |
_aNew Delhi _bViva Books Pvt Ltd _c2007 |
||
| 300 |
_axvii,186 _bHB |
||
| 365 | _cINR | ||
| 906 | _aAdvanced ; Advances ; cell ; cell: ; evalution ; first ; genetics ; Genetics: ; organisation | ||
| 942 |
_2ddc _cBK |
||
| 999 |
_c163449 _d163449 |
||